Europe - Provinces of the Netherlands - Statistics

General Stats
  • This quiz has been taken 36 times
    31 since last reset
  • The average score is 11 of 12
Answer Stats
Province hint Province answer % Correct
The heart of the Netherlands... {Utrecht}
100%
- {Drenthe}
96%
Last missing province {Flevoland (with the Flevopolder)}
96%
The rest of the provinces next to the German border... {Overijssel},
96%
A country in Oceania is named almost the same {Zeeland}
96%
- and {Limburg}
93%
- Carnival is mostly in {Noord-Brabant}
93%
Frisian is mostly spoken here... {Friesland}
93%
- and {Groningen}
89%
- and {Zuid-Holland}
89%
- {Gelderland} is the biggest province in the Netherlands
89%
People confuse these provinces with the Netherlands {Noord-Holland}
89%
No matching quizzes found
Score Distribution
Percent of People with Each Score
Percentile by Number Answered
Your Score History
You have not taken this quiz since the last reset